000 00916nam a2200253Ia 4500
003 OSt
005 20220923211113.0
006 a|||||r|||| 00| 0
007 ta
008 220922b |||||||| |||| 00| 0 hin d
020 _a8181432150 (hbk)
_c250
024 _a246,095
037 _b373, 17/02/2011, Vani Prakashan
_cTextual
040 _aARTS
_cARTS
_bhin
041 _2hin
_ahin
082 _aO113,3M59,1, 152J8;P4
100 _aहाम्सुन, क्नूत; ग्रोवर, तेजी, अनु.
_9158270
245 0 _aभूख
246 _aBhūkha
260 _aनयी दिल्ली
_b वाणी प्रकाशन
_c2004
300 _a187पृ.
_ccm.
942 _hO113,3M59,1, 152J8;P4
_cTEXL
_2CC
999 _c295289
_d295289